Environmental law update (Record no. 71834)
[ view plain ]
| 000 -LEADER | |
|---|---|
| fixed length control field | 00869cam a2200193 4500 |
| 001 - CONTROL NUMBER | |
| control field | ABS66248 |
| 008 - FIXED-LENGTH DATA ELEMENTS--GENERAL INFORMATION | |
| fixed length control field | 021220n2002 000 0 eng u |
| 035 ## - SYSTEM CONTROL NUMBER | |
| System control number | (Sirsi) u120858 |
| 100 ## - MAIN ENTRY--PERSONAL NAME | |
| Personal name | Payne, S |
| 245 ## - TITLE STATEMENT | |
| Title | Environmental law update |
| 260 ## - PUBLICATION, DISTRIBUTION, ETC. | |
| Date of publication, distribution, etc. | 2002 |
| 490 ## - SERIES STATEMENT | |
| Series statement | Solicitors' Journal |
| Volume/sequential designation | 146(41) 1 November 2002, 975-980(6) |
| 520 ## - SUMMARY, ETC. | |
| Summary, etc. | Environmental special consists of "Environmental law update" which looks at environmental liability, environmental indemnities, environmental crime, human rights and new regulations; "Contamination alert" examines environmental considerations in property transactions; "Surveying the land" looks at the role of the chartered environmental surveyor in the conveyancing process. |
| 590 ## - LOCAL NOTE (RLIN) | |
| Local note | ABS |
| 650 ## - SUBJECT ADDED ENTRY--TOPICAL TERM | |
| Topical term or geographic name entry element | CONVEYANCING |
| 650 ## - SUBJECT ADDED ENTRY--TOPICAL TERM | |
| Topical term or geographic name entry element | ENVIRONMENTAL LIABILITIES |
| 690 ## - LOCAL SUBJECT ADDED ENTRY--TOPICAL TERM (OCLC, RLIN) | |
| Topical term or geographic name as entry element | ENVIRONMENT-ENVIRONMENTAL LAW |
| 942 ## - ADDED ENTRY ELEMENTS (KOHA) | |
| Suppress in OPAC | 0 |
| Withdrawn status | Lost status | Source of classification or shelving scheme | Damaged status | Not for loan | Home library | Current library | Shelving location | Date acquired | Total Checkouts | Full call number | Barcode | Date last seen | Copy number | Price effective from | Koha item type |
|---|---|---|---|---|---|---|---|---|---|---|---|---|---|---|---|
| Dewey Decimal Classification | London | London | Journal article | 20/12/2002 | ABS66248 | 120858-1001 | 06/08/2019 | 1 | 06/08/2019 | Journal article |